000 00774nam a2200217 a 4500
999 _c2136
_d2136
001 2136
003 BD-JhCC
005 20200723123712.0
008 171030s1985 bg ||||| ||a| 00| 0 ben d
035 _a(BD-JhCC)2136
040 _aBD-JhCC
_dBD-JhCC
041 _aben
082 _a891.4409
_bMUH 1985
245 _aমুহম্মদ এনামুল হক স্মারক গ্রন্থ /
_cমোহাম্মদ মনিরুজ্জামান
260 _aঢাকা :
_bএশিয়াটিক সোসাইটি অব বাংলাদেশ,
_c1985.
300 _a391 p. :
_c23 cm.
650 _aBenglai Liturature
700 _aমনিরুজ্জামান, মোহাম্মদ
942 _2ddc
_cBK